Normal view
MARC view
Entry Nombre personal
001 - NÚMERO DE CONTROL
- campo de control: 6456
003 - IDENTIFICADOR DEL NÚMERO DE CONTROL
- campo de control: BNPHU
005 - FECHA Y HORA DE LA ÚLTIMA TRANSACCIÓN
- campo de control: 20240226144121.0
008 - DATOS DE LONGITUD FIJA
- campo de control de longitud fija: 200615|| aca||aabn | a|a d
040 ## - FUENTE DE LA CATALOGACIÓN
- Centro catalogador/agencia de origen: DO-SdBNP
- Lengua de catalogación: spa
- Centro/agencia transcriptor: BNPHU
- Normas de descripción: rda
100 1# - ENCABEZAMIENTO-NOMBRE DE PERSONA
- Nombre de persona: Pepín, Ercilia,
- Fechas asociadas al nombre: 1886-1939
370 ## - LUGAR ASOCIADO
- Lugar de nacimiento: Santiago de los Caballeros (República Dominicana)
374 ## - OCUPACIÓN
- Ocupación: Maestra
- Ocupación: Escritora
400 1# - TRAZADO DE VÉASE--NOMBRE DE PERSONA
- Nombre de persona: Pepín y Estrella, Ercilia Ambrosilia
- Fechas asociadas al nombre: 1886-1939
400 1# - TRAZADO DE VÉASE--NOMBRE DE PERSONA
- Nombre de persona: Estrella, Ercilia Ambrosilia Pepín y,
- Fechas asociadas al nombre: 1886-1939
670 ## - FUENTE DE DATOS ENCONTRADOS
- Cita de la fuente: Paulino Ramos, A. Vida y obra de Ercilia Pepín, 1987
670 ## - FUENTE DE DATOS ENCONTRADOS
- Cita de la fuente: Pepín, Ercilia. Feminismo, 2020
